Name Every Active NBA Player with a Championship - Statistics

General Stats
  • This quiz has been taken 63 times
    62 since last reset
  • The average score is 35 of 71
Answer Stats
No. of Rings Current Team Answer % Correct
1 Boston Celtics Jayson Tatum
100%
1 Toronto Raptors Bruce Brown
96%
4 Golden State Warriors Draymond Green
96%
1 Boston Celtics Jaylen Brown
96%
1 Houston Rockets Jeff Green
96%
4 Dallas Mavericks Klay Thompson
96%
4 Los Angeles Lakers Lebron James
96%
1 Denver Nuggets Nikola Jokic
94%
4 Golden State Warriors Stephen Curry
94%
1 Cleveland Cavaliers Tristan Thompson
94%
1 Denver Nuggets Jamal Murray
88%
2 Boston Celtics Jrue Holiday
88%
2 Los Angeles Clippers Kawhi Leonard
88%
1 Milwaukee Bucks Giannis Antetokounmpo
86%
1 Dallas Mavericks Anthony Davis
82%
1 Boston Celtics Derrick White
80%
2 Phoenix Suns Kevin Durant
80%
1 Boston Celtics Kristaps Porzingis
80%
1 Denver Nuggets Aaron Gordon
78%
1 Boston Celtics Al Horford
78%
1 Detroit Pistons Khris Middleton
71%
1 Washington Wizards Jordan Poole
69%
1 Dallas Mavericks Kyrie Irving
69%
1 Indiana Pacers Pascal Siakam
69%
1 Boston Celtics Payton Pritchard
69%
1 Denver Nuggets Michael Porter Jr
67%
2 Orlando Magic Kentavious Caldwell-Pope
65%
1 Oklahoma City Thunder Alex Caruso
59%
1 Miami Heat Andrew Wiggins
59%
1 Milwaukee Bucks Brook Lopez
59%
1 Miami Heat Kevin Love
59%
3 Golden State Warriors Kevon Looney
59%
1 Denver Nuggets Christian Braun
55%
1 Houston Rockets Fred VanVleet
51%
1 Denver Nuggets DeAndre Jordan
47%
1 Golden State Warriors Jonathan Kuminga
47%
1 Philadelphia 76ers Kyle Lowry
47%
1 Boston Celtics Sam Hauser
47%
1 San Antonio Spurs Harrison Barnes
41%
1 Milwaukee Bucks Bobby Portis
39%
1 Golden State Warriors Moses Moody
37%
1 Boston Celtics Luke Kornet
35%
1 Los Angeles Clippers Norman Powell
35%
1 Philadelphia 76ers Reggie Jackson
35%
1 Milwaukee Bucks Kyle Kuzma
33%
1 New York Knicks OG Anunoby
33%
1 Boston Celtics Jordan Walsh
31%
1 New York Knicks PJ Tucker
29%
1 Chicago Bulls Talen Horton-Tucker
29%
1 Golden State Warriors Gary Payton II
27%
1 Denver Nuggets Peyton Watson
27%
1 Minnesota Timberwolves Donte DiVincenzo
24%
1 Los Angeles Lakers Markieff Morris
24%
1 Boston Celtics Xavier Tillman
24%
1 Boston Celtics Neemias Queta
22%
1 Milwaukee Bucks Pat Connaughton
20%
2 Toronto Raptors Chris Boucher
16%
1 Boston Celtics JD Davison
16%
1 Sacramento Kings Jonas Valanciunas
16%
1 Indiana Pacers Thomas Bryant
14%
1 Boston Celtics Torrey Craig
14%
1 Los Angeles Clippers Patty Mills
12%
1 Denver Nuggets Zeke Nnaji
12%
1 Cleveland Cavaliers Sam Merrill
10%
1 Orlando Magic Corey Joseph
8%
1 Utah Jazz Jaden Springer
8%
1 Minnesota Timberwolves Bones Hyland
6%
1 New York Knicks Delon Wright
4%
1 Boston Celtics Drew Peterson
4%
1 Utah Jazz Sviatoslav Mykhailiuk
4%
1 Philadelphia 76ers Jeff Dowtin
0%
No matching quizzes found
Score Distribution
Percent of People with Each Score
Percentile by Number Answered
Your Score History
You have not taken this quiz since the last reset